000 00599nam a2200181 i 4500
001 39166
003 ES-MaACL
005 20230906155912.0
007 t|
008 030227s1970 sp ||||1| spa d
100 1 _aCalle, Ramiro A.
_933700
245 1 0 _aFilosofía oriental /
_cRamiro A. Calle ; ilustraciones de José Manuel Muñoz , fotografías de Miguel Angel Calle.
260 _aViladrau, etc. :
_bCedel,
_c1970.
300 _a350 p., 7 lám. :
_bil., ;
_c16 cm.
700 1 _aMuñoz, José Manuel.
_984319
700 1 _aCalle, Miguel Angel.
_933698
852 _aES-MaACL
_jC-48712
_bR.73538
999 _c39166
_d39166